Pays qui finissent par "stan" - Statistiques

Statistiques générales
  • Ce quiz a été pris 91 fois
  • Le résultat moyen est 6 sur 7
Statistiques - réponses
Réponse % Correct
Ouzbékistan
96%
Afghanistan
95%
Pakistan
92%
Turkménistan
92%
Kirghizistan
89%
Kazakhstan
85%
Tadjikistan
84%
Aucun quiz correspondant
Distribution des résultats
% des personnes avec chaque résultat
Percentile par nombre de réponses
Votre historique - résultats
Vous n’avez pas pris ce quiz